[Event "Krefeld op"]
[Site "Krefeld"]
[Date "2023.08.05"]
[Round "6"]
[White "Siol, Juergen"]
[Black "Krueger, Andre"]
[Result "0-1"]
[WhiteElo "1675"]
[BlackElo "1929"]
[PlyCount "118"]
[EventDate "2023.08.02"]
[EventType "swiss"]
[EventRounds "9"]
[EventCountry "GER"]
[SourceTitle "CBM 215 Extra"]
[Source "ChessBase"]
[SourceDate "2023.09.30"]
[SourceVersion "1"]
[SourceVersionDate "2023.09.30"]
[SourceQuality "1"]

1. d4 d5 2. Nf3 e6 3. e3 Nf6 4. Bd3 c5 5. b3 Nc6 6. 0-0 Bd6 7. Bb2 Qc7 8. Nbd2 e5 9. dxe5 Nxe5 10. Nxe5 Bxe5 11. Bxe5 Qxe5 12. e4 0-0 13. exd5 Qxd5 14. Bc4 Qc6 15. Qf3 Qxf3 16. Nxf3 Bf5 17. Rac1 Rfe8 18. Rfe1 Rxe1+ 19. Rxe1 Re8 20. Rxe8+ Nxe8 21. Ng5 Nd6 22. Bd3 Bxd3 23. cxd3 b6 24. Kf1 Nb5 25. Ne4 f5 26. Nd2 Kf7 27. a4 Nd4 28. f4 Ke6 29. Ke1 Kd5 30. Kd1 g6 31. g3 Nc6 32. Nf3 Nd4 33. Nd2 a6 34. Kc1 b5 35. axb5 axb5 36. Kd1 Kc6 37. Kc1 Kd5 38. Kd1 Ke6 39. Ke1 Kf6 40. Kf2 h6 41. h4 Ke6 42. Ke1 Kd5 43. Kd1 Kc6 44. Kc1 Ne2+ 45. Kc2 Nxg3 46. Nf3 Kd5 47. Kd2 Nh5 48. Ke3 Nf6 49. Kd2 Ke6 50. Kc3 Nd5+ 51. Kd2 Nxf4 52. d4 c4 53. bxc4 bxc4 54. Kc3 Kd5 55. Ne5 Ne2+ 56. Kd2 Nxd4 57. Nxg6 Ne6 58. Ne7+ Ke4 59. Kc3 f4 0-1

[Event "Krefeld op"]
[Site "Krefeld"]
[Date "2023.08.03"]
[Round "2"]
[White "Kirsten, Lino"]
[Black "Krueger, Andre"]
[Result "0-1"]
[WhiteElo "1427"]
[BlackElo "1929"]
[PlyCount "94"]
[EventDate "2023.08.02"]
[EventType "swiss"]
[EventRounds "9"]
[EventCountry "GER"]
[SourceTitle "CBM 215 Extra"]
[Source "ChessBase"]
[SourceDate "2023.09.30"]
[SourceVersion "1"]
[SourceVersionDate "2023.09.30"]
[SourceQuality "1"]

1. d4 d5 2. c4 e6 3. Nc3 a6 4. cxd5 exd5 5. Nf3 c6 6. Bg5 Be7 7. Bxe7 Nxe7 8. e3 0-0 9. Bd3 Bf5 10. 0-0 Nd7 11. a4 a5 12. Qc2 g6 13. Rfb1 Qb6 14. b4 axb4 15. Bxf5 Nxf5 16. Qb3 Nd6 17. Qxb4 Qxb4 18. Rxb4 Ra5 19. Nd2 Re8 20. Nb3 Ra7 21. Nc5 Re7 22. Rab1 Nxc5 23. dxc5 Ne4 24. Nxe4 Rxe4 25. Rxe4 dxe4 26. Rb4 f5 27. Kf1 Kf7 28. Ke2 Ke6 29. Rd4 Ra5 30. Rb4 Kd5 31. Rxb7 Rxa4 32. Rxh7 Ra2+ 33. Kd1 Rxf2 34. g3 Kxc5 35. Rg7 Kc4 36. Rxg6 c5 37. h4 Kd3 38. Rd6+ Kxe3 39. h5 Rh2 40. Rd5 Rxh5 41. g4 Rh1+ 42. Kc2 f4 43. g5 f3 44. g6 f2 45. g7 f1Q 46. g8N Qb1+ 47. Kc3 Rc1# 0-1

[Event "Eindhoven WLC op 12th"]
[Site "Eindhoven"]
[Date "2022.05.14"]
[Round "4"]
[White "Verweij, David"]
[Black "Krueger, Andre"]
[Result "1-0"]
[WhiteElo "1728"]
[BlackElo "1970"]
[PlyCount "65"]
[EventDate "2022.05.13"]
[EventType "swiss"]
[EventRounds "6"]
[EventCountry "NED"]
[SourceTitle "CBM 208 Extra"]
[Source "ChessBase"]
[SourceDate "2022.07.31"]
[SourceVersion "1"]
[SourceVersionDate "2022.07.31"]
[SourceQuality "1"]

1. e4 c5 2. d3 Nc6 3. g3 g6 4. Bg2 Bg7 5. Nf3 d6 6. 0-0 e6 7. c3 e5 8. Nbd2 Nge7 9. a3 0-0 10. b4 h6 11. Bb2 Be6 12. d4 exd4 13. cxd4 cxb4 14. Rb1 d5 15. axb4 dxe4 16. Nxe4 Bd5 17. Re1 Nxb4 18. Ba3 a5 19. Nc3 Bc6 20. Qb3 Ned5 21. Ne5 Nxc3 22. Nxc6 bxc6 23. Qxc3 Qxd4 24. Qf3 Rab8 25. Rbd1 Qf6 26. Qb3 Qc3 27. Qa4 Rfe8 28. Rxe8+ Rxe8 29. Qxa5 c5 30. Bf1 Bd4 31. Bxb4 cxb4 32. Qd5 Bc5 33. Bc4 1-0

[Event "DSOL 02 Liga Gr-D 1st"]
[Site "Playchess.com INT"]
[Date "2020.06.24"]
[Round "1.3"]
[White "Krueger, Andre"]
[Black "Toellner, Uwe"]
[Result "1-0"]
[WhiteElo "1959"]
[BlackElo "1953"]
[PlyCount "101"]
[EventDate "2020.06.22"]
[EventType "team-tourn (rapid)"]
[EventCountry "GER"]
[SourceTitle "EXT 2021"]
[Source "ChessBase"]
[SourceDate "2020.10.23"]
[SourceVersion "1"]
[SourceVersionDate "2020.10.23"]
[SourceQuality "1"]
[WhiteTeam "Oberhausen SV"]
[BlackTeam "Eckernforder SC"]
[WhiteTeamCountry "GER"]
[BlackTeamCountry "GER"]

1. e4 d6 2. d4 Nf6 3. Nc3 g6 4. h3 Bg7 5. Be3 c6 6. Nf3 b5 7. a3 a6 8. Qd2 0-0 9. Bd3 Re8 10. 0-0 Qc7 11. Ne2 Nbd7 12. Ng3 c5 13. c3 Bb7 14. Bh6 Bh8 15. Rad1 e5 16. d5 Nb6 17. Nh2 Nfd7 18. Ng4 Rad8 19. Ne3 Nf8 20. c4 bxc4 21. Nxc4 Nxc4 22. Bxc4 Rb8 23. b3 a5 24. Ne2 Ra8 25. Nc3 Ba6 26. Nb5 Qb6 27. a4 Nd7 28. Qc3 Bc8 29. Bc1 Rf8 30. Bh6 Rd8 31. Bc1 Bf6 32. Bb2 Kg7 33. Qd2 h6 34. f4 Rf8 35. Rf3 Ra6 36. Rdf1 Qd8 37. f5 g5 38. g4 Be7 39. Bc3 f6 40. h4 Qb6 41. Rh3 Ra8 42. Kg2 Bb7 43. Rfh1 Rh8 44. Kf3 Bd8 45. hxg5 fxg5 46. Qh2 Bf6 47. Rxh6 Kf7 48. Rh7+ Rxh7 49. Qxh7+ Bg7 50. Qg6+ Kg8 51. Nxd6 1-0

[Event "Gelsenkirchen Silvester op 5th"]
[Site "Gelsenkirchen"]
[Date "2017.12.29"]
[Round "5"]
[White "Krueger, Andre"]
[Black "Schulz Runge, Michael"]
[Result "1-0"]
[WhiteElo "2053"]
[BlackElo "1768"]
[PlyCount "73"]
[EventDate "2017.12.27"]
[EventType "swiss"]
[EventRounds "5"]
[EventCountry "GER"]
[SourceTitle "CBM 182 Extra"]
[Source "ChessBase"]
[SourceDate "2018.02.23"]
[SourceVersion "1"]
[SourceVersionDate "2018.02.23"]
[SourceQuality "1"]

1. d4 Nf6 2. Bf4 c5 3. e3 Qb6 4. Nc3 d6 5. Rb1 Bf5 6. Nf3 h6 7. Bd3 Be6 8. e4 g5 9. Be3 Nbd7 10. d5 Bg4 11. 0-0 Qd8 12. Be2 Bg7 13. Nd2 Ne5 14. f3 Bd7 15. Nc4 Nh7 16. Qd2 Qc8 17. Nxe5 Bxe5 18. Nd1 Rg8 19. c4 Nf6 20. Nf2 h5 21. Nd3 Bf4 22. Bxf4 gxf4 23. Qxf4 Bh3 24. Rf2 Nh7 25. Kh1 Bd7 26. e5 Rg6 27. Re1 Qc7 28. Bf1 Nf8 29. Qe3 0-0-0 30. Nf4 Rg7 31. a3 Ng6 32. Nxg6 Rxg6 33. b4 b6 34. bxc5 dxc5 35. Qe4 Qb7 36. e6 Ba4 37. exf7 1-0

[Event "Gelsenkirchen Silvester op 5th"]
[Site "Gelsenkirchen"]
[Date "2017.12.27"]
[Round "2"]
[White "Schott, Guido"]
[Black "Krueger, Andre"]
[Result "1/2-1/2"]
[WhiteElo "2019"]
[BlackElo "2053"]
[PlyCount "28"]
[EventDate "2017.12.27"]
[EventType "swiss"]
[EventRounds "5"]
[EventCountry "GER"]
[SourceTitle "CBM 182 Extra"]
[Source "ChessBase"]
[SourceDate "2018.02.23"]
[SourceVersion "1"]
[SourceVersionDate "2018.02.23"]
[SourceQuality "1"]

1. Nf3 c5 2. e4 g6 3. d4 cxd4 4. Nxd4 Nc6 5. c4 Nf6 6. Nc3 d6 7. Be2 Nxd4 8. Qxd4 Bg7 9. Be3 0-0 10. Qd2 a5 11. Rd1 Be6 12. 0-0 a4 13. f3 Qa5 14. Nb5 Nd7 1/2-1/2

[Event "Dieren op"]
[Site "Dieren"]
[Date "2017.07.25"]
[Round "1"]
[White "Butkiewicz, Lukasz"]
[Black "Krueger, Andre"]
[Result "1-0"]
[WhiteElo "2455"]
[BlackElo "2134"]
[PlyCount "49"]
[EventDate "2017.07.25"]
[EventType "swiss"]
[EventRounds "9"]
[EventCountry "NED"]
[SourceTitle "CBM 179 Extra"]
[Source "ChessBase"]
[SourceDate "2017.08.23"]
[SourceVersion "1"]
[SourceVersionDate "2017.08.23"]
[SourceQuality "1"]

1. e4 c5 2. Nf3 Nc6 3. d4 cxd4 4. Nxd4 g6 5. c4 Nf6 6. Nc3 d6 7. Be2 Bg7 8. Be3 0-0 9. 0-0 Nxd4 10. Bxd4 Bd7 11. Qd2 Bc6 12. f3 Nd7 13. Be3 a5 14. b3 Nc5 15. Rab1 Ne6 16. a3 f5 17. exf5 gxf5 18. Nd5 Bh8 19. Rfe1 Qe8 20. Bf1 Qf7 21. Bf2 f4 22. b4 axb4 23. axb4 Be5 24. b5 Bd7 25. Nb6 1-0

[Event "Ruhrgebiet Regionalliga 1617"]
[Site "Germany"]
[Date "2016.11.06"]
[Round "3.2"]
[White "Krueger, Andre"]
[Black "Sohlmann, Jan Henning"]
[Result "1/2-1/2"]
[WhiteElo "2103"]
[BlackElo "2196"]
[PlyCount "115"]
[EventDate "2016.09.11"]
[EventType "team-tourn"]
[EventRounds "9"]
[EventCountry "GER"]
[SourceTitle "EXT 2022"]
[Source "ChessBase"]
[SourceDate "2021.10.06"]
[SourceVersion "1"]
[SourceVersionDate "2021.10.06"]
[SourceQuality "1"]
[WhiteTeam "Muelheim Nord III"]
[BlackTeam "Welper SV"]
[WhiteTeamCountry "GER"]
[BlackTeamCountry "GER"]

1. e4 e6 2. d4 d5 3. Nd2 dxe4 4. Nxe4 Nd7 5. Nf3 Ngf6 6. Nxf6+ Nxf6 7. c3 c5 8. Be3 Qc7 9. Bb5+ Bd7 10. Qa4 a6 11. Bxd7+ Nxd7 12. dxc5 Bxc5 13. Bxc5 Qxc5 14. 0-0-0 Rd8 15. Rd2 Ke7 16. Rhd1 Nf6 17. Qf4 Rxd2 18. Rxd2 Rc8 19. Ne5 b5 20. g4 h6 21. h4 Rf8 22. g5 Nd5 23. Qf3 Qd6 24. Qg3 h5 25. f4 Rc8 26. Kd1 Qc5 27. Qf2 Qc7 28. Qd4 Kf8 29. f5 Kg8 30. g6 fxg6 31. fxe6 Ne7 32. Qf4 Kh7 33. Rd7 Qc5 34. Nf3 Nf5 35. Qd2 Re8 36. Ng5+ Kg8 37. Rd8 Qe7 38. Rxe8+ Qxe8 39. Qd7 Qf8 40. Nf7 Kh7 41. Kc2 Kg8 42. Ne5 Ne7 43. Nf7 Kh7 44. b4 Nf5 45. Kb2 Ne3 46. Ng5+ Kh6 47. Nf7+ Kh7 48. Kb3 Nf5 49. Ne5 Qf6 50. Nf3 Qf8 51. Qf7 Qd6 52. Ng5+ Kh6 53. Qxf5 Qd1+ 54. Qc2 Qd5+ 55. Kb2 a5 56. bxa5 b4 57. cxb4 Qb3+ 58. Kxb3 1/2-1/2

[Event "Solingen Karneval op"]
[Site "Solingen"]
[Date "2016.02.06"]
[Round "2"]
[White "Krueger, Andre"]
[Black "Biessner, Eberhard"]
[Result "1-0"]
[WhiteElo "2103"]
[BlackElo "1862"]
[PlyCount "87"]
[EventDate "2016.02.05"]
[EventType "swiss"]
[EventRounds "5"]
[EventCountry "GER"]
[SourceTitle "EXT 2018"]
[Source "ChessBase"]
[SourceDate "2017.10.13"]
[SourceVersion "1"]
[SourceVersionDate "2017.10.13"]
[SourceQuality "1"]

1. Nf3 Nf6 2. d4 d5 3. c4 c6 4. e3 Bf5 5. Nc3 e6 6. Nh4 Bg6 7. Nxg6 hxg6 8. g3 Nbd7 9. Bg2 dxc4 10. Qe2 Nb6 11. 0-0 Be7 12. Nb1 Qd7 13. Nd2 Nfd5 14. Nxc4 Nxc4 15. Qxc4 Nb6 16. Qb3 0-0 17. a4 Nc8 18. e4 Rd8 19. Be3 Bd6 20. a5 a6 21. d5 exd5 22. exd5 Ne7 23. Rfd1 cxd5 24. Bxd5 Nxd5 25. Qxd5 Qg4 26. Qxb7 Be5 27. Rxd8+ Rxd8 28. Qxa6 Bxb2 29. Qb6 Rd1+ 30. Rxd1 Qxd1+ 31. Kg2 Qd5+ 32. f3 Qa2 33. Bf2 Bc3 34. a6 Be1 35. a7 Bxf2 36. Qxf2 Qa6 37. g4 f5 38. Qe3 Kh7 39. Kg3 Qb7 40. Qa3 Qa8 41. gxf5 gxf5 42. Qc5 g6 43. Qc7+ Kh6 44. Qb8 1-0

[Event "Solingen Karneval op"]
[Site "Solingen"]
[Date "2016.02.05"]
[Round "1"]
[White "Humbek, Olav"]
[Black "Krueger, Andre"]
[Result "0-1"]
[WhiteElo "1740"]
[BlackElo "2103"]
[PlyCount "72"]
[EventDate "2016.02.05"]
[EventType "swiss"]
[EventRounds "5"]
[EventCountry "GER"]
[SourceTitle "EXT 2018"]
[Source "ChessBase"]
[SourceDate "2017.10.13"]
[SourceVersion "1"]
[SourceVersionDate "2017.10.13"]
[SourceQuality "1"]

1. b3 e5 2. Bb2 Nc6 3. e3 Nf6 4. Bb5 Bd6 5. Ne2 a6 6. Bxc6 dxc6 7. 0-0 Qe7 8. f4 Bg4 9. fxe5 Bxe5 10. Bxe5 Qxe5 11. Nbc3 0-0-0 12. Qe1 Qd6 13. d3 Rhe8 14. e4 Bxe2 15. Nxe2 Qc5+ 16. d4 Qxc2 17. e5 Rd7 18. Rf3 Nd5 19. Nf4 Nxf4 20. Rxf4 f6 21. Rf2 Qg6 22. Rd1 Rde7 23. Re2 Qf5 24. Rf2 Qh5 25. Qf1 fxe5 26. Rf5 Qh6 27. dxe5 Qe3+ 28. Kh1 Rxe5 29. Rf8 Rxf8 30. Qxf8+ Re8 31. Qf5+ Qe6 32. Qb1 b6 33. h3 g6 34. Qd3 Kb7 35. Rd2 Qe1+ 36. Kh2 Re3 0-1

[Event "BL2-West 1516"]
[Site "Germany"]
[Date "2015.12.13"]
[Round "4.8"]
[White "Krueger, Andre"]
[Black "Walter, Andreas"]
[Result "1/2-1/2"]
[WhiteElo "2109"]
[BlackElo "2112"]
[PlyCount "78"]
[EventDate "2015.09.20"]
[EventType "team-tourn"]
[EventRounds "9"]
[EventCountry "GER"]
[SourceTitle "EXT 2017"]
[Source "ChessBase"]
[SourceDate "2016.10.25"]
[SourceVersion "1"]
[SourceVersionDate "2016.10.25"]
[SourceQuality "1"]
[WhiteTeam "Muelheim II"]
[BlackTeam "Dinslaken"]
[WhiteTeamCountry "GER"]
[BlackTeamCountry "GER"]

1. d4 d5 2. Nf3 Nf6 3. c4 c6 4. e3 Bg4 5. h3 Bh5 6. cxd5 Bxf3 7. Qxf3 cxd5 8. Nc3 e6 9. Bb5+ Nc6 10. 0-0 Be7 11. Bd2 0-0 12. Qe2 Bd6 13. Rac1 Qe7 14. Na4 e5 15. Bxc6 bxc6 16. Rxc6 exd4 17. Qd3 dxe3 18. Bxe3 Rfe8 19. Bd4 Rad8 20. Nc3 Ne4 21. Nxe4 dxe4 22. Qe3 Bb8 23. Rfc1 Qd7 24. R1c4 f5 25. Qg5 Rf8 26. b3 f4 27. Qg4 Qxg4 28. hxg4 f3 29. g3 Rfe8 30. Kh2 Kf7 31. Be3 g6 32. Rd4 Rxd4 33. Bxd4 Rd8 34. Rc4 Ke6 35. Be3 Ke5 36. Rc5+ Ke6 37. Rc4 Ke5 38. Bf4+ Kd5 39. Be3 Ke5 1/2-1/2

[Event "Dortmund Sparkassen op-A"]
[Site "Dortmund"]
[Date "2015.07.01"]
[Round "5"]
[White "Krueger, Andre"]
[Black "Michalczak, Thomas"]
[Result "1/2-1/2"]
[WhiteElo "2008"]
[BlackElo "2191"]
[PlyCount "66"]
[EventDate "2015.06.27"]
[EventType "swiss"]
[EventRounds "9"]
[EventCountry "GER"]
[SourceTitle "CBM 167 Extra"]
[Source "ChessBase"]
[SourceDate "2015.09.14"]
[SourceVersion "1"]
[SourceVersionDate "2015.09.14"]
[SourceQuality "1"]

1. e3 d5 2. c4 e6 3. Nf3 Nf6 4. Be2 c5 5. d4 Nc6 6. 0-0 dxc4 7. Nc3 a6 8. a4 cxd4 9. exd4 Na5 10. Ne5 Nb3 11. Nxc4 Nxa1 12. Be3 b5 13. Bf3 bxc4 14. Bxa8 Nb3 15. Qe2 Qc7 16. d5 Bd6 17. Bc6+ Bd7 18. Qxc4 Na5 19. Bxd7+ Nxd7 20. Qxa6 0-0 21. dxe6 fxe6 22. h3 Nc4 23. Nb5 Bh2+ 24. Kh1 Qe5 25. Bd4 Qe2 26. Kxh2 Qxf1 27. Qxe6+ Rf7 28. b3 Nce5 29. Nd6 Qe2 30. Be3 Qh5 31. f4 Nd3 32. Qe8+ Nf8 33. Nxf7 Qxf7 1/2-1/2

[Event "NED-chT 1415"]
[Site "Netherlands"]
[Date "2015.04.11"]
[Round "8.8"]
[White "Van Overdam, Julian"]
[Black "Krueger, Andre"]
[Result "1-0"]
[WhiteElo "2329"]
[BlackElo "2163"]
[PlyCount "50"]
[EventDate "2014.09.27"]
[EventType "team-tourn"]
[EventRounds "9"]
[EventCountry "NED"]
[SourceTitle "EXT 2016"]
[Source "ChessBase"]
[SourceDate "2015.10.08"]
[SourceVersion "1"]
[SourceVersionDate "2015.10.08"]
[SourceQuality "1"]
[WhiteTeam "Charlois Europoort"]
[BlackTeam "Voerendaal"]
[WhiteTeamCountry "NED"]
[BlackTeamCountry "NED"]

1. e4 c5 2. Nc3 e6 3. f4 Nc6 4. Nf3 Nge7 5. d4 cxd4 6. Nxd4 Nxd4 7. Qxd4 Nc6 8. Qf2 Bb4 9. Bd3 d6 10. Be3 Qf6 11. 0-0 Bxc3 12. bxc3 Qxc3 13. Rab1 0-0 14. e5 Rd8 15. Qh4 h6 16. Rf3 f5 17. g4 dxe5 18. gxf5 exf4 19. Qxf4 Ne5 20. Rg3 Nxd3 21. cxd3 Qf6 22. Rg6 Qxf5 23. Qg3 Rd7 24. Rf1 Qxd3 25. Rxh6 Qd6 1-0

[Event "Oberliga NRW 1415"]
[Site "Germany"]
[Date "2015.01.11"]
[Round "5.8"]
[White "Sarrau, Jelle"]
[Black "Krueger, Andre"]
[Result "1-0"]
[WhiteElo "2333"]
[BlackElo "2041"]
[PlyCount "43"]
[EventDate "2014.09.14"]
[EventType "team-tourn"]
[EventRounds "9"]
[EventCountry "GER"]
[SourceTitle "EXT 2017"]
[Source "ChessBase"]
[SourceDate "2016.10.25"]
[SourceVersion "1"]
[SourceVersionDate "2016.10.25"]
[SourceQuality "1"]
[WhiteTeam "Wuerselen"]
[BlackTeam "Muelheim Nord II"]
[WhiteTeamCountry "GER"]
[BlackTeamCountry "GER"]

1. d4 Nf6 2. c4 e6 3. Nc3 Bb4 4. Qc2 b6 5. e4 c5 6. a3 Bxc3+ 7. bxc3 Bb7 8. Bd3 b5 9. Qb1 Qc7 10. cxb5 cxd4 11. cxd4 Qc3+ 12. Bd2 Qxd4 13. Nf3 Qa4 14. e5 Ne4 15. Qb4 Qxb4 16. Bxb4 d5 17. exd6 0-0 18. Rc1 a5 19. Bd2 Nxd6 20. Bf4 Bxf3 21. Bxd6 Bxg2 22. Rg1 1-0

[Event "Muensterland op 32d"]
[Site "Senden"]
[Date "2014.10.14"]
[Round "5"]
[White "Torres Kuckel, Rafael"]
[Black "Krueger, Andre"]
[Result "1/2-1/2"]
[WhiteElo "2259"]
[BlackElo "2163"]
[PlyCount "54"]
[EventDate "2014.10.??"]
[EventType "swiss"]
[EventRounds "9"]
[EventCountry "GER"]
[SourceTitle "EXT 2017"]
[Source "ChessBase"]
[SourceDate "2016.10.25"]
[SourceVersion "1"]
[SourceVersionDate "2016.10.25"]
[SourceQuality "1"]

1. e4 c5 2. Nf3 e6 3. d4 cxd4 4. Nxd4 Nf6 5. Nc3 Nc6 6. g3 Bb4 7. Bg2 d6 8. Nde2 0-0 9. 0-0 Qe7 10. h3 Bd7 11. f4 Bc5+ 12. Kh2 a6 13. g4 h6 14. b3 b5 15. Bb2 Rad8 16. Qd2 Ba7 17. Ng3 b4 18. Nce2 Bc8 19. a3 d5 20. e5 Ne4 21. Qd3 Bb7 22. c3 bxc3 23. Nxc3 Na5 24. Qd1 Nc6 25. Qd3 Na5 26. Qd1 Nc6 27. Qd3 Na5 1/2-1/2